The post-use evaluation of the new cutting edge textbook : The students' attitudes : Master of education. Program: Principles and methods in English language education

This study mainly aimed at evaluating the English New Cutting Edge textbook for intermediate lavel of proficiency on the basic of the attitudes of students

Uloženo v:
Podrobná bibliografie
Hlavní autor: Huỳnh, Trí Thức
Médium: Kniha
Jazyk:Undetermined
Vydáno: Can Tho Can Tho University 2015
Témata:
Tagy: Přidat tag
Žádné tagy, Buďte první, kdo otaguje tento záznam!
Thư viện lưu trữ: Trung tâm Học liệu Trường Đại học Cần Thơ
LEADER 00972nam a2200241Ia 4500
001 CTU_201389
008 210402s9999 xx 000 0 und d
082 |a 428.2407 
082 |b Th552 
088 |a 60140111 
100 |a Huỳnh, Trí Thức 
245 4 |a The post-use evaluation of the new cutting edge textbook : The students' attitudes : 
245 0 |b Master of education. Program: Principles and methods in English language education 
245 0 |c Huỳnh Trí Thức; Nguyễn Thu Hương (Supervisor) 
260 |a Can Tho 
260 |b Can Tho University 
260 |c 2015 
520 |a This study mainly aimed at evaluating the English New Cutting Edge textbook for intermediate lavel of proficiency on the basic of the attitudes of students 
650 |a Tiếng Anh,Enlgish language 
650 |x Dạy và học,Study and teaching 
904 |i Nguyên 
910 |a Khoa 
980 |a Trung tâm Học liệu Trường Đại học Cần Thơ